Perspectiva Mundial sobre la Diversidad Biológica 4: (Registro nro. 17761)
[ vista simple ]
| 000 -CABECERA | |
|---|---|
| Campo de control | 01097 aa a2200241 4500 |
| 005 - FECHA Y HORA DE LA ULTIMA TRANSACCION | |
| Campo de control | 20180803170154.0 |
| 008 - ELEMENTOS DE LONGITUD FIJA—INFORMACION GENERAL | |
| Campo de control | 150907b2014 quc|||||r|||| 00| 0 spa d |
| 020 ## - ISBN | |
| ISBN | 9292255711 |
| 040 ## - FUENTE DE CATALOGACIÓN | |
| Agencia catalogadora original | CO-BoIAVH |
| Agencia transcriptora | CO-BoIAVH |
| 041 0# - IDIOMA | |
| Código de idioma para texto/pista de sonido o título separado | Español |
| 044 ## - PAÍS DE PUBLICACIÓN | |
| País de publicación | Canadá |
| 082 04 - NUMERO DE CLASIFICACION DECIMAL DEWEY | |
| Número de clasificación | 577.1076 |
| Número del ítem | S44g3 |
| 245 1# - MENCION DE TITULO | |
| Título | Perspectiva Mundial sobre la Diversidad Biológica 4: |
| Parte restante del título | Resumen y conclusiones |
| 260 ## - PUBLICACION, DISTRIBUCION, ETC. (PIE DE IMPRENTA) | |
| Lugar de publicación, distribución, etc. | Montreal (Canadá): |
| Nombre del editor, distribuidor, etc. | Secretaria sobre el convenio de la diversidad biológica, |
| Fecha de publicación, distribución, etc. | 2014. |
| 300 ## - DESCRIPCION FISICA | |
| Extensión | 20 páginas |
| Otros detalles físicos | ilustraciones y fotografías a color |
| Dimensiones | 28 cm |
| 650 #6 - ASIENTO SECUNDARIO DE MATERIA - TERMINO TEMATICO | |
| Término temático o nombre geográfico como elemento de entrada | Conservación de la diversidad biológica |
| Subdivisión de forma | Resúmenes |
| 9 (RLIN) | 38419 |
| 650 #4 - ASIENTO SECUNDARIO DE MATERIA - TERMINO TEMATICO | |
| Término temático o nombre geográfico como elemento de entrada | Diversidad Biologica |
| Subdivisión de forma | Resúmenes |
| Subdivisión general | Convención |
| 9 (RLIN) | 38420 |
| 650 #4 - ASIENTO SECUNDARIO DE MATERIA - TERMINO TEMATICO | |
| Término temático o nombre geográfico como elemento de entrada | Planes de acción en biodiversidad |
| Subdivisión de forma | Resúmenes |
| 9 (RLIN) | 38421 |
| 710 2# - ASIENTO SECUNDARIO - NOMBRE CORPORATIVO | |
| Nombre corporativo o de jurisdicción como elemento de entrada | Secretariat of the Convention on Biological Diversity |
| 9 (RLIN) | 101048 |
| 710 2# - ASIENTO SECUNDARIO - NOMBRE CORPORATIVO | |
| Nombre corporativo o de jurisdicción como elemento de entrada | United Nations Environment Programme |
| 9 (RLIN) | 8871 |
| 773 0# - Item fuente: | |
| Lugar, editorial y fecha de publicación | Montreal (Canadá)̀: Secretaria sobre el convenio de la diversidad biológ̤ica, 2014. |
| International Standard Book Number | 9292255398 |
| Título | Perspectiva mundial sobre la Diversidad Biológ̤ica 4: |
| 942 ## - ELEMENTOS ADICIONALES (KOHA) | |
| Sistema de clasificación | Dewey Decimal Classification |
| Tipo de ítem | Libro |
| Koha issues (borrowed), all copies | 1 |
| Withdrawn status | Lost status | Sistema de Clasificación | Damaged status | No para préstamo | Colección | Inventariado | Ubicación Permanente | Ubicación actual | Fecha de adquisición | Fuente de Valor | Total Checkouts | Número topográfico | Inventario / Código de Barras | Date last seen | Date checked out | Ejemplar | Price effective from | Forma de adquisición | Tipo de material |
|---|---|---|---|---|---|---|---|---|---|---|---|---|---|---|---|---|---|---|---|
| Dewey Decimal Classification | General | Inventariado 2017 | Bogotá | Bogotá | 07/09/2015 | Secretariat of the Convention on Biological Diversity | 1 | LB-577.1076 S44g3 | 039221 | 24/09/2015 | 07/09/2015 | Ej. 1 | 07/09/2015 | Folleto |